Painting of steel bridges and other structures

Guardat en:
Dades bibliogràfiques
Autor principal: Hare, Clive H (Autor)
Format: Llibre
Idioma:anglès
Publicat: Nueva York Van Nostrand Reinhold 1990
Col·lecció:Bridge Series
Matèries:
Etiquetes: Afegir etiqueta
Sense etiquetes, Sigues el primer a etiquetar aquest registre!

MARC

LEADER 00000nam a2200000 a 4500
001 UCK0356
003 CL-VaPUC
008 041001e19900000US |||||||||||||||||eng|d
020 |a 0442234996 
082 0 4 |a 624.2  |b HAR  |2 21 
100 0 |a Hare, Clive H  |e author  |9 488267 
245 1 0 |a Painting of steel bridges and other structures 
300 |a 303 p 
942 |c BK 
945 |d 20041001 00:00:00  |a cmena 
260 |a Nueva York  |b Van Nostrand Reinhold  |c 1990 
650 0 |a Puentes  |9 268175 
650 0 |a Pintura  |9 265046 
650 0 |a Aceros  |9 260685 
650 7 |a MANTENCION Y REPARACION  |2 CL-VaPUC  |9 488268 
583 |a last modification  |c 20160105 12:46:02  |k Rodrigo Vera 
490 0 |a Bridge Series 
999 |c 310817  |d 310815 
952 |0 0  |1 0  |4 0  |6 624_200000000000000_HAR_1990  |7 0  |8 P  |9 379842  |a BIBMEC  |b BIBMEC  |d 2019-11-21  |i 4067045  |o 624.2 HAR 1990  |p 4067045  |r 2024-01-19  |w 2019-11-21  |y BK  |k MEC